000 00416nam a2200169Ia 4500
008 170705s9999 xx 000 0 und d
020 _a9780099408390
245 _aWhere the wild things are /
245 _cstory and pictures by Maurice Sendak.
260 _aNew York :
260 _bScholastic,
260 _c1963
300 _aunpaged :
300 _bchiefly colored ;
300 _c23cm.
500 _a740
999 _c337323
_d337323